Loading...

Applied soils and micromorphology in archaeology/

"Applied Soils and Micromorphology in Archaeology provides the most up-to-date information on soil science and its applications in archaeology. Based on more than three decades of investigations and experiments, the volume demonstrates how description protocols and complimentary methods (SEM...

Full description

Bibliographic Details
Main Author: Macphail, Richard I.
Other Authors: Goldberg, Paul
Format: Printed Book
Language:English
Published: New York : Cambridge University, 2018
Subjects:
LEADER 02657nam a22001937a 4500
008 200226b ||||| |||| 00| 0 eng d
999 |c 349251  |d 349251 
020 |a 9781107011380 
082 |a  930.102 8 
100 |a  Macphail, Richard I. 
245 |a Applied soils and micromorphology in archaeology/  |c Richard I. Macphail,  
260 |a New York :   |b Cambridge University,  |c  2018 
300 |a  xxx, 600 p.  |b ill. maps ;   |c 26 cm. 
505 |a  Part I. Background approach and methods. 1. Applied principles from geology and soil science ; 2. Complementary analyses ; 3. Systematic soil micromorphology description -- Part II. Soils and sediments. 4. Soils and burial (horizon types and effects of burial in the temperate and boreal regions) ; 5. Soil-sediments ; 6. Inundated freshwater and coastal marine sites -- Part III. Archaeological materials. 7. Archaeological materials and deposits -- Part IV. Features and activities in the landscape. 8. First records of human activity ; 9. Clearance and cultivation ; 10. Occupation surfaces and use of space ; 11. Settlement morphology ; 12. Site transformation ; 13. Final remarks -- Color plates and additional figures are available at www.cambridge.org/9781107648685 -- Site gazetteer -- References -- Index. 
520 |a  "Applied Soils and Micromorphology in Archaeology provides the most up-to-date information on soil science and its applications in archaeology. Based on more than three decades of investigations and experiments, the volume demonstrates how description protocols and complimentary methods (SEM/EDS, microprobe, micro-FTIR, bulk soil chemistry, micro- and macrofossils) are used in interpretations. It also focuses on key topics, such as palaeosols, cultivation, and occupation surfaces, and introduces a range of current issues, such as site inundation, climate change, settlement morphology, herding, trackways, industrial processes, funerary features, and site transformation. Structured around important case studies, Applied Soils and Micromorphology in Archaeology is thoroughly-illustrated, with color plates and figures, tables and other ancillary materials on its website (www.cambridge.org/9781107011380); chapter appendices can be accessed separately using the web (www.geoarchaeology.info/asma). This new book will serve as an essential volume for all archaeological inquiry about soil." 
650 |a Soil science in archaeology.   |v Soil micromorphology.   |x  Archäologie  
700 |a Goldberg, Paul  
942 |c BK 
952 |0 0  |1 0  |2 ddc  |4 0  |6 930_102000000000000_8  |7 0  |9 402984  |a SDE  |b SDE  |c ST1  |d 2020-02-26  |g 8279.00  |i 4410  |l 0  |o 930.102 8  |p SDE4410  |r 2020-02-26  |w 2020-02-26  |y BK